00722nam a2200181 a 4500003000200000005001700002008004100019050003200060100002000092245008800112260009200200300004800292504004100340650004500381650006100426650002400487650002900511020250523134606.0021128s19uu xx 00 eng d aPGS HV 5824.Y68b.Ii25 2001 aIizuka, Koji A. aAwareness of grade 6 students about illegal drugs and drug abuse /cKoji A. Iizuka. aLas Piñas City, Philippines : bSouthville International School and Colleges,c2001. a44 pages :bcolored illustrations ;c28 cm. aIncludes bibliographical references. aDrug abusezPhilippinesvPublic opinion. aDrug abusevPreventionvStudy and teaching (Elementary). aStudentsvDrug use. aSixth grade (Education).